Comunicaciones celulares (Registro nro. 31223)

Detalles MARC
000 -LEADER
fixed length control field 00375 a2200133 4500
001 - CONTROL NUMBER
control field ART_39603
005 - DATE AND TIME OF LATEST TRANSACTION
control field 20260410162000.0
008 - FIXED-LENGTH DATA ELEMENTS--GENERAL INFORMATION
fixed length control field 260409a
100 1# - MAIN ENTRY--PERSONAL NAME
Personal name Reig Pascual, Juan
245 10 - TITLE STATEMENT
Title Comunicaciones celulares
700 1# - ADDED ENTRY--PERSONAL NAME
Personal name Dmitruk, Andrés E.
700 1# - ADDED ENTRY--PERSONAL NAME
Personal name Foti, Antonio Roberto
773 0# - HOST ITEM ENTRY
Title Propuestas
Related parts - Año 3, Nº 6 (dic. 1997)
Record control number REV28258

No hay ítems disponibles.